000
00297nam a2200109Ia 4500
008
180219s9999 xx 000 0 und d
020
_a
9780764179358
100
_a
Lougheed, Lin
245
_a
Barron's IELTS :
_b
International english language testing system
260
_c
2006
300
_a
346 pages
999
_c
355920
_d
355920